00342nam a2200145Ia 4500003000500000008004100005020001800046040001900064082000700083100002300090245004000113260002300153300001100176365000900187STCL221019s9999 xx 000 0 und d a9780072118599 aSTCLcSTCLbEN 222 aNelson, Stephen L  0aOffice 2000: The complete reference bTata Mcgraw - Hill a1040 p b2600